Marketing of Sabahs agricultural primary commodities: Issues and challenges (Record no. 62609)

MARC details
000 -LEADER
fixed length control field 00391nam a2200145Ia 4500
100 ## - MAIN ENTRY--AUTHOR NAME
Personal name Arshad F M
245 #0 - TITLE STATEMENT
Title Marketing of Sabahs agricultural primary commodities: Issues and challenges
260 ## - PUBLICATION, DISTRIBUTION, ETC. (IMPRINT)
Name of publisher Borneo Review
Year of publication 1992
300 ## - PHYSICAL DESCRIPTION
Number of Pages 96-123
500 ## - GENERAL NOTE
General note Source Year: 1993
700 ## - ADDED ENTRY--PERSONAL NAME
Personal name Sahasudin M N
856 ## - ELECTRONIC LOCATION AND ACCESS
Uniform Resource Identifier WAERA
942 ## - ADDED ENTRY ELEMENTS (KOHA)
Koha item type Journals
Holdings
Withdrawn status Lost status Damaged status Not for loan Home library Current library Shelving location Date acquired Serial Enumeration / chronology Koha item type
      Journals RRII Library RRII Library Agricultural economics 17/12/2021 Volume 3, Issue 1 Journals